Διοίκηση Ολικής Ποιότητας (Record no. 3379)
[ view plain ]
| 000 -LEADER | |
|---|---|
| fixed length control field | 02002cam a22002054a 4500 |
| 005 - ΗΜΕΡΟΜΗΝΙΑ ΚΑΙ ΩΡΑ ΤΕΛΕΥΤΑΙΑΣ ΕΝΗΜΕΡΩΣΗΣ | |
| Πεδίο ελέγχου | 20250605164113.0 |
| 008 - FIXED-LENGTH DATA ELEMENTS--GENERAL INFORMATION | |
| Πεδίο ελέγχου σταθερού μήκους | 250528s ||||||||||||||||||||||||d |
| 035 ## - SYSTEM CONTROL NUMBER | |
| System control number | 17985 |
| 020 ## - ISBN | |
| ISBN | 9789963258963 |
| 040 ## - ΠΗΓΗ ΚΑΤΑΛΟΓΟΓΡΑΦΗΣΗΣ | |
| Φορέας πρωτότυπης καταλογογράφησης | MC Athens Campus Library |
| Γλώσσα καταλογογράφησης | Ελληνικά, Μοντέρνα (1453-) |
| Modifying agency | MC Athens Campus Library |
| Κανόνες περιγραφικής καταλογογράφησης | AACR2 |
| 245 1# - ΤΙΤΛΟΣ ΚΑΙ ΔΗΛΩΣΗ ΥΠΕΥΘΥΝΟΤΗΤΑΣ | |
| Τίτλος | Διοίκηση Ολικής Ποιότητας |
| 260 ## - PUBLICATION, DISTRIBUTION, ETC. | |
| Name of publisher, distributor, etc. | Π.Χ. Πασχαλίδης - Broken Hill Publishers Ltd, |
| Date of publication, distribution, etc. | 2016 |
| 300 ## - PHYSICAL DESCRIPTION | |
| Extent | 704 |
| 505 0# - FORMATTED CONTENTS NOTE | |
| Formatted contents note | Η Έννοια και η Σημασία της Ποιότητας, Φιλοσοφίες Ποιότητας, Στατιστικός Έλεγχος Ποιότητας, Συστήματα Διασφάλισης Ποιότητας, Αρχές Διοίκησης Ολικής Ποιότητας, Τεχνικές και Εργαλεία ΔΟΠ, Benchmarking, Μοντέλα και Βραβεία Επιχειρηματικής Αριστείας, Καλές Πρακτικές (Best Practices), Ποιότητα στην Εκπαίδευση, Η Ποιότητα στην Υγεία, Η Ποιότητα στον Τραπεζικό Κλάδο, Η Ποιότητα στην Δημόσια Διοίκηση, Ευρετήριο. |
| 520 ## - SUMMARY, ETC. | |
| Summary, etc. | Η Έννοια και η Σημασία της Ποιότητας, Φιλοσοφίες Ποιότητας, Στατιστικός Έλεγχος Ποιότητας, Συστήματα Διασφάλισης Ποιότητας, Αρχές Διοίκησης Ολικής Ποιότητας, Τεχνικές και Εργαλεία ΔΟΠ, Benchmarking, Μοντέλα και Βραβεία Επιχειρηματικής Αριστείας, Καλές Πρακτικές (Best Practices), Ποιότητα στην Εκπαίδευση, Η Ποιότητα στην Υγεία, Η Ποιότητα στον Τραπεζικό Κλάδο, Η Ποιότητα στην Δημόσια Διοίκηση, Ευρετήριο. |
| 700 1# - ΠΡΟΣΘΕΤΗ ΑΝΑΓΡΑΦΗ--ΦΥΣΙΚΟ ΠΡΟΣΩΠΟ | |
| Personal name | Τσιότρας Γεώργιος Δ |
| 9 (RLIN) | 1425 |
| 942 ## - ADDED ENTRY ELEMENTS (KOHA) | |
| Koha item type | Books |
| Τύπος τεκμηρίου | Βιβλιοθήκη | Τρέχουσα τοποθεσία | Barcode | Αριθμός εισαγωγής | Ημερομηνία απόκτησης | Ταξιθετικό σύμβολο | Αριθμός αντιτύπου | Κατάσταση απόσυρσης | Κατάσταση χαμένου | Κατάσταση κατεστραμμένου | Μη δανεισμός | Σύνολο δανεισμών | Ημερομηνία τελευταίας εμφάνισης | Η τιμή ισχύει από |
|---|---|---|---|---|---|---|---|---|---|---|---|---|---|---|
| Books | MC Athens Campus Library | MC Athens Campus Library | 9780000033789 | 7427 | 05/06/2025 | 658.4013 TSI | 1 | 05/06/2025 | 05/06/2025 |